<?xml version="1.0" encoding="UTF-8"?>
<marc:record xmlns:marc="http://www.loc.gov/MARC21/slim">
   <marc:leader>00000nam a2200000 a 4500</marc:leader>
   <marc:datafield ind1="0" ind2="0" tag="245">
      <marc:subfield code="a">Voll aufgedreht!</marc:subfield>
   </marc:datafield>
   <marc:datafield ind1=" " ind2="1" tag="264">
      <marc:subfield code="b">Baumhaus</marc:subfield>
      <marc:subfield code="c">2022</marc:subfield>
   </marc:datafield>
   <marc:datafield ind1="1" ind2=" " tag="490">
      <marc:subfield code="a">Gregs Tagebuch</marc:subfield>
   </marc:datafield>
   <marc:datafield ind1="1" ind2=" " tag="520">
      <marc:subfield code="a">Eigendlich hatte Greg immer nur ein Ziel: reich und berühmt werden. Doch das Promi-Leben hält er für viel zu anstrengend. Sein Plan: jemand aus der Familie muss den Job übernehmen. Greg beschließt, seinem großen Bruder und dessen Band dabei zu helfen, echte Rockstars zu werden. Doch das ist leichter gesagt, als getan...</marc:subfield>
   </marc:datafield>
   <marc:datafield ind1=" " ind2=" " tag="020">
      <marc:subfield code="a">9783833907500</marc:subfield>
      <marc:subfield code="9">9783833907500</marc:subfield>
   </marc:datafield>
</marc:record>
